Papermaking Science and Technology Book 8: Book Papermaking Part 1, Stock Preparation and Wet End

Salvato in:
Dettagli Bibliografici
Altri autori: Paulapuro, Hannu
Natura: Libro
Lingua:inglese
Pubblicazione: Helsinki Fapet Oy 2000
Soggetti:
Accesso online:Visualizza in OPAC
Tags: Aggiungi Tag
Nessun Tag, puoi essere il primo ad aggiungerne!!

MARC

LEADER 00000nam a2200000 a 4500
005 20260127134212.0
008 060327 1998 fi 000 0 eng d
020 |a 952521608X 
035 |a vtls008639785 
039 9 |a 200603280827  |b mschk03  |c 200603280822  |d mschk03  |c 200603271356  |d mschk03  |y 200603271323  |z mschk03 
040 |a STUSCHK1  |b slo  |c STUSCHK1  |e AACR2 
080 |a 676(03) 
245 1 |a Papermaking Science and Technology  |b Book 8: Book Papermaking Part 1, Stock Preparation and Wet End 
260 |a Helsinki  |b Fapet Oy  |c 2000 
300 |a 461 p. 
650 0 |a papermaking science  |x technology 
700 1 |a Paulapuro, Hannu 
910 |a SCHK95 
919 |a 952-5216-08-X 
999 |c 6560  |d 6560